00383nam a2200145Ia 4500008004100000020001500041041001200056082001600068100002000084245006100104260003100165300000800196650001500204700001800219221030s9999 xx 000 0 und d a0333937198 aEnglish a105.23bRam aV. S. Ramaswamy 0aMarketing Management - Planning Implementation & Control bMacmillanaNew Delhic2004 a748 aManagement aS. Namakumari